You and Me - Niall Horan (Lyrics) - Statistics

General Stats
  • This quiz has been taken 27 times
  • The average score is 180 of 224
Answer Stats
% Correct
a
100%
and
100%
be
100%
but
100%
But
100%
do
100%
don't
100%
go
100%
I
100%
it
100%
it's
100%
It's
100%
know
100%
me
100%
where
100%
with
100%
you
100%
end
92%
for
92%
[Verse 1] I've
92%
start
92%
to
92%
we
92%
what
92%
What
92%
wild
92%
as
83%
been
83%
ends
83%
free
83%
got
83%
hear
83%
heart
83%
so
83%
we're
83%
young
83%
All
75%
all
75%
can
75%
make
75%
fight
75%
going
75%
have
75%
I'll
75%
kids
75%
life
75%
make
75%
need
75%
never
75%
of
75%
on
75%
road
75%
starts
75%
alright
67%
back
67%
'Cause
67%
'cause
67%
coming
67%
far
67%
get
67%
hard
67%
I'm
67%
our
67%
see
67%
selfish
67%
side
67%
That
67%
that
67%
that's
67%
[Chorus] Time's
67%
trying
67%
two
67%
yeah
67%
asking
58%
believe
58%
bit
58%
lead
58%
No
58%
patience
58%
please
58%
the
58%
wait
58%
we'll
58%
what's
58%
[Outro] When
58%
would
58%
come
50%
cry
50%
darlin'
50%
matter
50%
promise
50%
sleep
50%
tonight
50%
worry
50%
at
42%
distance
42%
[Verse 2] From
42%
from
42%
lose
42%
guarantee
33%
look
25%
wanna
25%
down
17%
line
17%
man
17%
always
8%
known
8%
No matching quizzes found
Score Distribution
Percent of People with Each Score
Percentile by Number Answered
Your Score History
You have not taken this quiz